000
00281nam a2200133Ia 4500
008
221030s9999 xx 000 0 und d
041
_a
English
082
_a
105.23
100
_a
Rupali Arya
245
0
_a
ENGINEERING ETHICS
260
_a
Jammu
_c
2004
650
_a
EE
942
_c
TH
999
_c
270
_d
270